ਓਪਰਾ ਮਰਦ / (Record no. 109660)

MARC details
000 -LEADER
fixed length control field 00908nam a22002417a 4500
005 - DATE AND TIME OF LATEST TRANSACTION
control field 20170123164141.0
010 ## - LIBRARY OF CONGRESS CONTROL NUMBER
LC control number B-230671
020 ## - INTERNATIONAL STANDARD BOOK NUMBER
International Standard Book Number 9788171421619
Terms of availability 125.00
035 ## - SYSTEM CONTROL NUMBER
System control number B-230671
040 ## - CATALOGING SOURCE
Original cataloging agency DPL
Language of cataloging PN
082 ## - DEWEY DECIMAL CLASSIFICATION NUMBER
Classification number
Item number ਭੁੱਲਰ
100 ## - MAIN ENTRY--PERSONAL NAME
Personal name ਭੁੱਲਰ , ਗੁਰਬਚਨ ਸਿੰਘ
9 (RLIN) 15496
245 ## - TITLE STATEMENT
Title ਓਪਰਾ ਮਰਦ /
Statement of responsibility, etc ਗੁਰਬਚਨ ਸਿੰਘ ਭੁੱਲਰ
246 ## - VARYING FORM OF TITLE
Title proper/short title Opra marad
Remainder of title by Gurbachan sing bhullar
260 ## - PUBLICATION, DISTRIBUTION, ETC. (IMPRINT)
Place of publication, distribution, etc ਚੰਡੀਗੜ
Name of publisher, distributor, etc ਲੋਕ ਗੀਤ ਪਰਕਾਸ਼ਨ
270 ## - ADDRESS
Address ਔਸ. ਸੀ. ਓ. 26-27, ਸੈਕਟਰ 34 ਏ,
City ਚੰਡੀਗੜ
Postal code 160022
300 ## - PHYSICAL DESCRIPTION
Extent 112p.
Dimensions 23cm(Hb)
650 ## - SUBJECT ADDED ENTRY--TOPICAL TERM
Topical term or geographic name as entry element ਪੰਜਾਬੀ ਕਹਾਣੀਆਂ
9 (RLIN) 15497
650 ## - SUBJECT ADDED ENTRY--TOPICAL TERM
Topical term or geographic name as entry element ਪੰਜਾਬੀ ਸਾਹਿਤ
9 (RLIN) 779
650 ## - SUBJECT ADDED ENTRY--TOPICAL TERM
Topical term or geographic name as entry element Punjabi stories
9 (RLIN) 6279
650 ## - SUBJECT ADDED ENTRY--TOPICAL TERM
Topical term or geographic name as entry element Punjabi Literature
9 (RLIN) 781
942 ## - ADDED ENTRY ELEMENTS (KOHA)
Source of classification or shelving scheme Dewey Decimal Classification
Koha item type Punjabi Bks
Classification part
Call number suffix ਭੁੱਲਰ
Holdings
Withdrawn status Lost status Damaged status Not for loan Home library Current library Date acquired Source of acquisition Cost, normal purchase price Total Checkouts Total Renewals Full call number Barcode Date last seen Date checked out Copy number Cost, replacement price Price effective from Koha item type
        Central Library Central Library 08/06/2015 Cen Lib / Ret 125.00 1 1 ਕ ਭੁੱਲਰ B-230671 02/01/2019 08/12/2018 1 125.00 15/09/2016 Punjabi Bks

© Delhi Public Library
Hit Counter
free hit counter